Normal view
MARC view
- ANTIQUES & COLLECTIBLES / Books
Entry Topical Term
001 - CONTROL NUMBER
- control field: 87255
003 - CONTROL NUMBER IDENTIFIER
- control field: OSt
005 - DATE AND TIME OF LATEST TRANSACTION
- control field: 20260227075756.0
008 - FIXED-LENGTH DATA ELEMENTS
- fixed length control field: 260227|| aca||aabn | a|a d
040 ## - CATALOGING SOURCE
- Original cataloging agency: OSt
- Transcribing agency: OSt
150 ## - HEADING--TOPICAL TERM
- Topical term or geographic name as entry element: ANTIQUES & COLLECTIBLES / Books
- Geographic subdivision: Chiyoda-ku (Tokyo, Japan)
670 ## - SOURCE DATA FOUND
- Source citation: Work cat.: (OSt)50214: Yagisawa, Satoshi, author. 87254, Days at the Morisaki bookshop /, 2025.